[Event "4NCL/Div1/RIC vs. BET"]
[Site "West Bromwich ENG"]
[Date "2004.05.02"]
[Round "8.7"]
[White "Nixon, Thomas C M"]
[Black "Ledger, Stephen C"]
[Result "0-1"]
[WhiteElo "2199"]
[BlackElo "2211"]
[PlyCount "94"]
[EventDate "2004.05.02"]

1. d4 Nf6 2. c4 c5 3. d5 b5 4. cxb5 a6 5. f3 axb5 6. e4 Qa5+ 7. Bd2 b4 8. Na3
d6 9. Nc4 Qc7 10. a3 bxa3 11. Rxa3 Rxa3 12. bxa3 g6 13. Qa4+ Nbd7 14. Ba5 Qb7
15. Bd3 Bg7 16. Ne2 O-O 17. O-O Qa8 18. Rb1 Ba6 19. Nc3 Bxc4 20. Bxc4 Ne5 21.
Be2 Nh5 22. Qb5 Nf4 23. a4 f5 24. exf5 Nxe2+ 25. Nxe2 Qxd5 26. Qb7 Qd3 27. Qe4
Qxe4 28. fxe4 Ra8 29. fxg6 hxg6 30. Bc3 Rxa4 31. Nf4 Rxe4 32. Nd5 Nc6 33. Bxg7
Kxg7 34. Kf2 Nd4 35. Rb7 Kf7 36. Rc7 Re2+ 37. Kf1 Re5 38. Nb6 Rf5+ 39. Ke1 Re5+
40. Kd1 Nf5 41. Nc8 Kf6 42. Kd2 Nh4 43. Nb6 Rg5 44. g3 Nf3+ 45. Ke3 Nxh2 46.
Ke4 Re5+ 47. Kf4 g5# 0-1

[Event "4NCL/Div1/RIC vs. BET"]
[Site "West Bromwich ENG"]
[Date "2004.05.02"]
[Round "8.8"]
[White "Tidman, Sophie"]
[Black "Wilson, Alexandra"]
[Result "1-0"]
[WhiteElo "2118"]
[BlackElo "2021"]
[PlyCount "71"]
[EventDate "2004.05.02"]

1. e4 e6 2. Nf3 d5 3. e5 c5 4. b4 cxb4 5. a3 Nc6 6. axb4 Bxb4 7. c3 Be7 8. d4
f5 9. Bd3 Nh6 10. Bxh6 gxh6 11. h4 Rg8 12. g3 Bd7 13. Na3 a6 14. Qd2 Bf8 15.
O-O Rc8 16. Rfe1 Na5 17. Ra2 Qc7 18. Nb1 Nc4 19. Qe2 Bb5 20. Nfd2 Qg7 21. Kh2
Be7 22. Rg1 Kd7 23. Nf3 Qf7 24. Nbd2 Rg4 25. Bxc4 Bxc4 26. Nxc4 Rxc4 27. Rb1
Rc7 28. Rc2 Qg6 29. Rcb2 Kc8 30. Rxb7 f4 31. Qxa6 fxg3+ 32. fxg3 Qc2+ 33. Kh1
Qxc3 34. Qxe6+ Kd8 35. Rb8+ Rc8 36. Qxg4 1-0

[Event "4NCL/Div1/WGR2 vs. AD1"]
[Site "West Bromwich ENG"]
[Date "2004.05.02"]
[Round "8.1"]
[White "Littlewood, Paul E"]
[Black "Chandler, Murray G"]
[Result "1/2-1/2"]
[WhiteElo "2390"]
[BlackElo "2520"]
[PlyCount "42"]
[EventDate "2004.05.02"]

1. d4 Nf6 2. c4 e6 3. Nf3 b6 4. e3 Bb7 5. Bd3 d5 6. O-O Bd6 7. b3 Nbd7 8. Bb2
O-O 9. Ne5 c5 10. Nd2 cxd4 11. exd4 dxc4 12. Ndxc4 Bc7 13. Rc1 Nd5 14. g3 N7f6
15. Qe2 Rc8 16. a3 a6 17. Nd2 Ra8 18. Ne4 Qe7 19. Nc6 Qd7 20. Ne5 Qe7 21. Nc6
Qd7 1/2-1/2

[Event "4NCL/Div1/WGR2 vs. AD1"]
[Site "West Bromwich ENG"]
[Date "2004.05.02"]
[Round "8.2"]
[White "Hennigan, Michael T"]
[Black "Sowray, Peter J"]
[Result "0-1"]
[WhiteElo "2444"]
[BlackElo "2360"]
[PlyCount "155"]
[EventDate "2004.05.02"]

1. g3 g6 2. Bg2 Bg7 3. d4 d6 4. Nc3 Nc6 5. Nf3 Nf6 6. d5 Nb4 7. a3 Na6 8. e4
O-O 9. O-O e5 10. dxe6 Bxe6 11. Be3 Re8 12. Nd4 Bg4 13. Qd2 Nc5 14. f3 Bd7 15.
Rad1 Ne6 16. Nde2 Bc6 17. g4 h5 18. g5 Nd7 19. h4 Ne5 20. b3 Nc5 21. Ng3 Qe7
22. Rfe1 Rad8 23. Nd5 Bxd5 24. exd5 Qd7 25. Bd4 f5 26. gxf6 Bxf6 27. f4 Ng4 28.
Bxf6 Nxf6 29. f5 gxf5 30. Qg5+ Qg7 31. Nxf5 Qxg5 32. hxg5 Ng4 33. Ng3 Ne3 34.
Rd2 Nxg2 35. Rxe8+ Rxe8 36. Rxg2 h4 37. Nh5 Re1+ 38. Kh2 Nd7 39. Kh3 Rh1+ 40.
Rh2 Rd1 41. Kxh4 Rd4+ 42. Kg3 Rxd5 43. Kf4 Kf7 44. Ng3 Nf8 45. Kg4 Rd4+ 46. Kh5
Rf4 47. Rh1 Kg7 48. Rf1 Rxf1 49. Nxf1 Ne6 50. Ne3 Nf4+ 51. Kg4 Ne6 52. Nf5+ Kg6
53. Nh4+ Kg7 54. Nf3 Kg6 55. b4 b5 56. Nh4+ Kf7 57. c3 a6 58. Nf5 Kg6 59. Ne7+
Kf7 60. Nf5 Kg6 61. Nh4+ Kf7 62. Kf5 Ng7+ 63. Ke4 Ke6 64. Nf3 c5 65. Nh4 d5+
66. Kf4 c4 67. Ke3 Nf5+ 68. Nxf5 Kxf5 69. Kd4 Kxg5 70. Kxd5 Kf4 71. Kc5 Ke3 72.
Kb6 Kd3 73. Kxa6 Kxc3 74. Kxb5 Kd4 75. Ka6 c3 76. b5 c2 77. b6 c1=Q 78. b7 0-1

[Event "4NCL/Div1/WGR2 vs. AD1"]
[Site "West Bromwich ENG"]
[Date "2004.05.02"]
[Round "8.3"]
[White "Levitt, Jonathan P"]
[Black "Lyell, Mark"]
[Result "1-0"]
[WhiteElo "2425"]
[BlackElo "2254"]
[PlyCount "87"]
[EventDate "2004.05.02"]

1. d4 f5 2. Nc3 d6 3. e4 Nf6 4. exf5 Bxf5 5. Bd3 Qd7 6. Nf3 Nc6 7. Be3 e5 8.
Bxf5 Qxf5 9. O-O Be7 10. dxe5 dxe5 11. Qe2 O-O-O 12. Rfd1 Rhe8 13. Rxd8+ Rxd8
14. Rd1 Rxd1+ 15. Qxd1 Bb4 16. Nd5 Qe4 17. Nxf6 gxf6 18. h3 Ne7 19. a3 Bd6 20.
Bxa7 Nf5 21. Nd2 Qf4 22. g3 Nxg3 23. Be3 Qh4 24. Qg4+ Qxg4 25. hxg4 Ne2+ 26.
Kg2 Kd7 27. Kf3 Ng1+ 28. Ke4 Ke6 29. a4 Ne2 30. Nc4 Bb4 31. c3 Bxc3 32. Kd3
Bxb2 33. Nxb2 Ng1 34. Ke4 Ne2 35. Nd1 c6 36. Kd3 Ng1 37. Ke4 Ne2 38. a5 Ng1 39.
f4 Ne2 40. f5+ Kd6 41. Kd3 Ng3 42. Bf2 Nf1 43. Ke2 Nh2 44. Ne3 1-0

[Event "4NCL/Div1/WGR2 vs. AD1"]
[Site "West Bromwich ENG"]
[Date "2004.05.02"]
[Round "8.4"]
[White "Snape, Ian"]
[Black "Martin, Andrew D"]
[Result "0-1"]
[WhiteElo "2245"]
[BlackElo "2429"]
[PlyCount "74"]
[EventDate "2004.05.02"]

1. c4 e5 2. Nc3 Nf6 3. Nf3 Nc6 4. g3 Bc5 5. Bg2 d6 6. O-O O-O 7. e3 Bf5 8. d4
Bb6 9. a3 a5 10. b3 Re8 11. d5 Ne7 12. Bb2 Qd7 13. Qd2 Ng6 14. b4 e4 15. Nd4
Bh3 16. Nce2 Ne5 17. Qc2 Nd3 18. Qc3 Re5 19. Rfd1 Bxg2 20. Kxg2 Rh5 21. h4 Qg4
22. Rh1 Nd7 23. Raf1 N7e5 24. c5 dxc5 25. bxc5 Bxc5 26. Nf4 Nxf4+ 27. exf4 Bxd4
28. Qxd4 Nf3 29. Qc5 Rd8 30. Be5 f6 31. Qe7 Qd7 32. Bxf6 gxf6 33. Qxf6 Rxd5 34.
h5 Rd6 35. Qc3 Qg7 36. Qb3+ Kh8 37. Qa2 Rd2 0-1

[Event "4NCL/Div1/WGR2 vs. AD1"]
[Site "West Bromwich ENG"]
[Date "2004.05.02"]
[Round "8.5"]
[White "Rechel, Bernd"]
[Black "Wheeler, Darren P"]
[Result "1-0"]
[WhiteElo "2420"]
[BlackElo "2243"]
[PlyCount "49"]
[EventDate "2004.05.02"]

1. e4 e6 2. d4 d5 3. exd5 exd5 4. c4 c6 5. Nf3 Nf6 6. Bd3 h6 7. O-O Be7 8. Re1
O-O 9. Nc3 dxc4 10. Bxc4 Nbd7 11. Bb3 Nb6 12. Ne5 Nbd5 13. Qf3 Nxc3 14. bxc3
Bd6 15. Qg3 Kh8 16. Qh4 Bxe5 17. dxe5 Nd5 18. Qh5 Kg8 19. Bxh6 gxh6 20. Qxh6 f5
21. Bxd5+ cxd5 22. Qg6+ Kh8 23. e6 Qe7 24. Re3 Qg7 25. e7 1-0

[Event "4NCL/Div1/WGR2 vs. AD1"]
[Site "West Bromwich ENG"]
[Date "2004.05.02"]
[Round "8.6"]
[White "Cafferty, Bernard"]
[Black "Tiller, Bjorn"]
[Result "0-1"]
[WhiteElo "2219"]
[BlackElo "2395"]
[PlyCount "84"]
[EventDate "2004.05.02"]

1. Nf3 g6 2. d4 Bg7 3. c4 d6 4. Nc3 c6 5. g3 a6 6. a4 a5 7. Bg2 e5 8. dxe5 dxe5
9. Qxd8+ Kxd8 10. Ng5 Nh6 11. O-O f6 12. Nge4 Be6 13. b3 Nd7 14. Ba3 Bf8 15.
Bb2 Nf7 16. Rfd1 Be7 17. f4 f5 18. Bh3 Kc7 19. Nd2 Bc5+ 20. Kf1 Rhe8 21. Nf3 e4
22. Ne1 Nd6 23. Nc2 Rad8 24. Rac1 b6 25. e3 Nb7 26. Nd4 h5 27. Nce2 Bf7 28. Kf2
Bb4 29. Bf1 Be7 30. Nc3 Nbc5 31. Be2 Bf6 32. Ba3 Bxd4 33. exd4 Nxb3 34. Rb1 Nd2
35. Rxd2 e3+ 36. Ke1 exd2+ 37. Kxd2 Nc5 38. d5 cxd5 39. Nb5+ Kd7 40. Nd4 Re4
41. Bxc5 bxc5 42. Nf3 dxc4 0-1

[Event "4NCL/Div1/WGR2 vs. AD1"]
[Site "West Bromwich ENG"]
[Date "2004.05.02"]
[Round "8.8"]
[White "Bellin, Jana"]
[Black "Gilbert, Jessie"]
[Result "1/2-1/2"]
[WhiteElo "2209"]
[BlackElo "2133"]
[PlyCount "40"]
[EventDate "2004.05.02"]

1. d4 Nf6 2. Nf3 g6 3. c4 Bg7 4. Nc3 d5 5. cxd5 Nxd5 6. e4 Nxc3 7. bxc3 c5 8.
Be3 Qa5 9. Qd2 Bg4 10. Rb1 a6 11. Rxb7 Nc6 12. Be2 Rd8 13. O-O cxd4 14. cxd4
Qxd2 15. Bxd2 Nxd4 16. Bxa6 Bxf3 17. Bb4 Be2 18. Rxe7+ Kf8 19. Rd7+ Ke8 20.
Re7+ Kf8 1/2-1/2

[Event "4NCL/Div1/WWKS vs. GUI1"]
[Site "West Bromwich ENG"]
[Date "2004.05.02"]
[Round "8.1"]
[White "Thomas, Nicholas"]
[Black "Rowson, Jonathan"]
[Result "0-1"]
[WhiteElo "2263"]
[BlackElo "2547"]
[PlyCount "118"]
[EventDate "2004.05.02"]

1. e4 c5 2. Nc3 d6 3. f4 g6 4. Nf3 Bg7 5. d3 Bg4 6. Be2 Nc6 7. O-O e6 8. Kh1
Nge7 9. Qe1 Rb8 10. Qh4 Bxf3 11. Bxf3 Nd4 12. Bd1 Nec6 13. Qh3 b5 14. f5 O-O
15. Bh6 exf5 16. Nd5 fxe4 17. Bxg7 Kxg7 18. Nf6 Qxf6 19. Rxf6 Kxf6 20. c3 Ne6
21. Qh4+ Kg7 22. Qxe4 Ne5 23. Bb3 c4 24. dxc4 bxc4 25. Bxc4 Rxb2 26. Rf1 Nc5
27. Qd4 Rb6 28. h3 f5 29. Bd5 h6 30. Re1 Re8 31. g4 fxg4 32. hxg4 Re7 33. Rf1
Ncd7 34. Qf4 Rb8 35. Kg2 Rb2+ 36. Kg3 Rb8 37. Kg2 Rc8 38. Qb4 Rc5 39. Qd4 Nf6
40. Bf3 Rd7 41. Be2 Rd5 42. Qf4 Rf7 43. c4 Rc5 44. Qd4 {(=)} 44... Rd7 45. Rf4
Nh7 46. Qb2 Ng5 47. Qb8 Ne6 48. Re4 Rcc7 49. Qb2 Kh7 50. Qd2 Rc5 51. Qc2 Rf7
52. Qd2 Rf6 53. Qe3 Rc7 54. Kg3 Rcf7 55. Rxe5 dxe5 56. Qxe5 Ng5 57. Qd5 Rd6 58.
Qb5 Ne4+ 59. Kh3 Rd2 0-1

[Event "4NCL/Div1/WWKS vs. GUI1"]
[Site "West Bromwich ENG"]
[Date "2004.05.02"]
[Round "8.2"]
[White "Cherniaev, Alexander"]
[Black "Mason, Don"]
[Result "1-0"]
[WhiteElo "2480"]
[BlackElo "2280"]
[PlyCount "35"]
[EventDate "2004.05.02"]

1. e4 e6 2. d4 d5 3. e5 c5 4. c3 Nc6 5. Nf3 Bd7 6. Be2 f6 7. O-O Qc7 8. Bf4
O-O-O 9. Bg3 f5 10. Na3 h6 11. Nb5 Qb6 12. dxc5 Bxc5 13. b4 Be7 14. Bf4 Rf8 15.
Be3 Qd8 16. Nxa7+ Nxa7 17. Bxa7 Qc7 18. Qd4 1-0

[Event "4NCL/Div1/WWKS vs. GUI1"]
[Site "West Bromwich ENG"]
[Date "2004.05.02"]
[Round "8.3"]
[White "Hynes, Anthony"]
[Black "Gormally, Daniel W"]
[Result "0-1"]
[WhiteElo "2289"]
[BlackElo "2471"]
[PlyCount "82"]
[EventDate "2004.05.02"]

1. e4 c5 2. Nf3 d6 3. d4 cxd4 4. Nxd4 Nf6 5. Nc3 a6 6. Bg5 e6 7. f4 Nc6 8. e5
h6 9. Bh4 Nxd4 10. Qxd4 dxe5 11. Qxd8+ Kxd8 12. fxe5 g5 13. O-O-O+ Nd7 14. Bg3
Bg7 15. Bd3 Ke7 16. Rde1 b5 17. Rhf1 Bb7 18. Be4 Bxe4 19. Rxe4 Rac8 20. Re2 Rc4
21. Nd1 h5 22. h3 h4 23. Bh2 g4 24. hxg4 Rxg4 25. Rf3 Bh6+ 26. Kb1 Rhg8 27.
Ref2 R8g7 28. c3 Nc5 29. Rh3 Ne4 30. Re2 Nd2+ 31. Rxd2 Bxd2 32. Bg1 Bf4 33.
Bc5+ Ke8 34. Bd4 Bg3 35. a4 Re4 36. axb5 axb5 37. Ka2 Bxe5 38. Nf2 Rxd4 39.
cxd4 Bxd4 40. Nd1 Rxg2 41. Rxh4 Rd2 0-1

[Event "4NCL/Div1/WWKS vs. GUI1"]
[Site "West Bromwich ENG"]
[Date "2004.05.02"]
[Round "8.4"]
[White "Conquest, Stuart C"]
[Black "Wu, Li"]
[Result "1-0"]
[WhiteElo "2524"]
[BlackElo "2197"]
[PlyCount "73"]
[EventDate "2004.05.02"]

1. e4 c5 2. c3 e6 3. d4 d5 4. e5 Qb6 5. Nf3 Nc6 6. a3 Nh6 7. b4 cxd4 8. cxd4
Nf5 9. Be3 Nxe3 10. fxe3 g6 11. Bd3 Bg7 12. Nc3 O-O 13. Rc1 f6 14. exf6 Bxf6
15. O-O Bd7 16. Na4 Qd8 17. Nc5 Bc8 18. Bb1 Ne7 19. Qb3 a5 20. b5 a4 21. Qb2 b6
22. Nd3 Nf5 23. Qe2 Nd6 24. Nde5 Bd7 25. Bd3 Qe8 26. Nxd7 Qxd7 27. Rc6 Rfc8 28.
Rxb6 Rc3 29. Ra1 Qe7 30. Ra6 Rxa6 31. bxa6 Qa7 32. Qd2 Rb3 33. Qc2 Nb5 34. Qc8+
Kf7 35. Rf1 Ke7 36. Bxb5 Rxb5 37. Rc1 1-0

[Event "4NCL/Div1/WWKS vs. GUI1"]
[Site "West Bromwich ENG"]
[Date "2004.05.02"]
[Round "8.5"]
[White "James, Russell A"]
[Black "Kosten, Anthony C"]
[Result "0-1"]
[WhiteElo "2209"]
[BlackElo "2507"]
[PlyCount "88"]
[EventDate "2004.05.02"]

1. e4 e6 2. d4 d5 3. Nc3 Nf6 4. Bg5 dxe4 5. Nxe4 Be7 6. Bxf6 gxf6 7. Nf3 a6 8.
g3 f5 9. Ned2 Nc6 10. c3 h5 11. Bg2 h4 12. gxh4 Bd7 13. Qe2 Bf6 14. d5 Ne7 15.
Ne5 Bxe5 16. Qxe5 Ng6 17. Qg7 Qe7 18. O-O-O O-O-O 19. Qd4 Kb8 20. Nf3 e5 21. d6
cxd6 22. Qxd6+ Qxd6 23. Rxd6 Bc6 24. Rhd1 Rxd6 25. Rxd6 Nf4 26. Nxe5 Bxg2 27.
Nxf7 Rxh4 28. Rf6 Be4 29. Nd6 Nd3+ 30. Kd2 Nxf2 31. Nxf5 Rxh2 32. Rf8+ Ka7 33.
Nd6 Ng4+ 34. Ke1 Bc6 35. Rf4 Ne3 36. Rf2 Rxf2 37. Kxf2 Nd1+ 38. Ke2 Nxb2 39.
Kd2 Bd5 40. a3 Nc4+ 41. Nxc4 Bxc4 42. Ke3 Kb6 43. Kd4 Ba2 44. c4 Kc6 0-1

[Event "4NCL/Div1/WWKS vs. GUI1"]
[Site "West Bromwich ENG"]
[Date "2004.05.02"]
[Round "8.6"]
[White "King, Daniel J"]
[Black "Pitcher, John"]
[Result "1-0"]
[WhiteElo "2497"]
[BlackElo "2185"]
[PlyCount "59"]
[EventDate "2004.05.02"]

1. e4 c5 2. Nf3 e6 3. c3 d5 4. e5 d4 5. Bd3 Nc6 6. O-O Nge7 7. Re1 Ng6 8. g3
Be7 9. h4 Qc7 10. Qe2 Bd7 11. h5 Nf8 12. Na3 O-O-O 13. b4 cxb4 14. Nb5 Qb6 15.
Bb2 a6 16. Nd6+ Bxd6 17. exd6 f6 18. cxd4 Kb8 19. a3 b3 20. Rab1 Bc8 21. Bc3
Rxd6 22. Bc4 Na5 23. d3 Nxc4 24. dxc4 Qc6 25. Rxb3 Ka8 26. Reb1 Rd8 27. Rb6 Qa4
28. Qb2 Rd7 29. c5 Rc7 30. c6 1-0

[Event "4NCL/Div1/WWKS vs. GUI1"]
[Site "West Bromwich ENG"]
[Date "2004.05.02"]
[Round "8.7"]
[White "Baruch, Andrew J D"]
[Black "Gallagher, Joseph G"]
[Result "0-1"]
[WhiteElo "2106"]
[BlackElo "2531"]
[PlyCount "72"]
[EventDate "2004.05.02"]

1. e4 c5 2. Nf3 d6 3. Bb5+ Nd7 4. d4 Ngf6 5. Nc3 cxd4 6. Qxd4 e5 7. Qd3 h6 8.
Be3 a6 9. Ba4 Be7 10. O-O-O Qc7 11. h3 O-O 12. Bxd7 Bxd7 13. Nh4 Rfc8 14. Kb1
b5 15. g3 b4 16. Nd5 Nxd5 17. exd5 Bxh4 18. gxh4 Qc4 19. Rhg1 Qxd3 20. Rxd3 Kh7
21. f4 Rc4 22. b3 Re4 23. fxe5 dxe5 24. h5 Rh4 25. Bd2 a5 26. d6 Rxh3 27. Rxh3
Bxh3 28. c3 bxc3 29. Bxc3 f6 30. Rd1 Bd7 31. a4 g5 32. Kc2 g4 33. Be1 Kg7 34.
Rd5 Kf7 35. Bxa5 Ke6 36. Rd2 Rxa5 0-1

[Event "4NCL/Div1/WWKS vs. GUI1"]
[Site "West Bromwich ENG"]
[Date "2004.05.02"]
[Round "8.8"]
[White "Collas, Silvia"]
[Black "Chevannes, Sabrina"]
[Result "0-1"]
[WhiteElo "2331"]
[BlackElo "2052"]
[PlyCount "90"]
[EventDate "2004.05.02"]

1. d4 Nf6 2. Nf3 d5 3. c4 e6 4. Bg5 Be7 5. e3 O-O 6. Nc3 Nbd7 7. Qc2 c6 8. Rd1
Re8 9. Be2 dxc4 10. Bxc4 Qa5 11. O-O c5 12. dxc5 Qxc5 13. Qe2 a6 14. Rc1 Qa5
15. Bxf6 Nxf6 16. e4 Nd7 17. e5 Nb6 18. Bd3 Nd5 19. Bb1 Bd7 20. Nxd5 exd5 21.
Nd4 Qb6 22. Rcd1 g6 23. Qf3 Qxb2 24. Qxd5 Ba4 25. e6 f6 26. Nb3 Bc6 27. Qa5 Qe2
28. Nd4 Qc4 29. Nxc6 Qxc6 30. Rfe1 Bf8 31. Be4 Qc8 32. Rd7 Rb8 33. h4 Re7 34.
Qd5 Kg7 35. h5 f5 36. Bf3 Qc3 37. Rb1 b5 38. Qd6 Rbe8 39. Qxa6 Qf6 40. Qxb5
Qxe6 41. Qb2+ Kh6 42. Rxe7 Bxe7 43. hxg6 hxg6 44. a4 Bd6 45. a5 Qe1+ 0-1

[Event "4NCL/Div1/BAR2 vs. MMNWE1"]
[Site "West Bromwich ENG"]
[Date "2004.05.02"]
[Round "8.1"]
[White "Woodward, Timothy D M"]
[Black "Dgebuadze, Alexandre"]
[Result "0-1"]
[WhiteElo "2343"]
[BlackElo "2552"]
[PlyCount "56"]
[EventDate "2004.05.02"]

1. d4 Nf6 2. c4 e6 3. Nc3 Bb4 4. Qc2 O-O 5. e4 d6 6. e5 Nfd7 7. a3 Bxc3+ 8.
Qxc3 c5 9. exd6 cxd4 10. Qxd4 Nc6 11. Qe3 Nf6 12. Be2 Qxd6 13. Nf3 e5 14. O-O
Re8 15. Rd1 Qc7 16. h3 Bf5 17. Bd2 Nd4 18. Rac1 Bg6 19. Bf1 Nf5 20. Qc3 Ne4 21.
Qb3 Nc5 22. Qa2 e4 23. Ne1 e3 24. Bxe3 Nxe3 25. fxe3 Qg3 26. b4 Qxe3+ 27. Kh1
Ne4 28. Kh2 Nc3 0-1

[Event "4NCL/Div1/BAR2 vs. MMNWE1"]
[Site "West Bromwich ENG"]
[Date "2004.05.02"]
[Round "8.3"]
[White "Taylor, Martin R"]
[Black "Hanley, Craig A"]
[Result "0-1"]
[WhiteElo "2332"]
[BlackElo "2330"]
[PlyCount "82"]
[EventDate "2004.05.02"]

1. c4 Nf6 2. g3 e5 3. Bg2 c6 4. d4 exd4 5. Qxd4 Na6 6. Nh3 Bc5 7. Qd1 O-O 8.
O-O d5 9. cxd5 Nxd5 10. a3 Bg4 11. Qc2 Re8 12. Ng5 Nf6 13. Nc3 h6 14. Nf3 Qe7
15. b4 Bb6 16. Bb2 Nc7 17. e3 Ncd5 18. Nxd5 Nxd5 19. Ne5 Be6 20. Nc4 Bc7 21.
Rfd1 Nf6 22. Bd4 Bd5 23. Bxf6 Qxf6 24. Bxd5 cxd5 25. Na5 Rac8 26. Qa4 d4 27. e4
Bb6 28. Nc4 Rxe4 29. Nxb6 Re2 30. Rf1 Qxb6 31. Qd7 Rcc2 32. Rad1 d3 33. Qf5 g6
34. Qf3 Red2 35. Rxd2 Rxd2 36. Qf4 Re2 37. Qf3 Qb5 38. Rd1 d2 39. Kg2 Re1 40.
Kh3 Rxd1 41. Qxd1 Qh5+ 0-1

[Event "4NCL/Div1/BAR2 vs. MMNWE1"]
[Site "West Bromwich ENG"]
[Date "2004.05.02"]
[Round "8.4"]
[White "Crouch, Colin S"]
[Black "Rogers, Jonathan W"]
[Result "0-1"]
[WhiteElo "2375"]
[BlackElo "2338"]
[PlyCount "70"]
[EventDate "2004.05.02"]

1. d4 e6 2. c4 f5 3. g3 Nf6 4. Bg2 Be7 5. Nf3 O-O 6. O-O a5 7. Nc3 d5 8. b3 Ne4
9. Bb2 Bf6 10. e3 c6 11. Rc1 Nd7 12. Ne1 Nxc3 13. Bxc3 b5 14. cxb5 cxb5 15. Nd3
b4 16. Bb2 Ba6 17. Re1 Qb6 18. h4 Be7 19. Nf4 Nf6 20. Bf1 Ne4 21. Bxa6 Rxa6 22.
Nd3 Rfa8 23. Re2 a4 24. Rec2 a3 25. Ba1 Rf8 26. Nc5 Bxc5 27. dxc5 Qc7 28. Qd4
Rc6 29. Qxb4 e5 30. f4 d4 31. exd4 exf4 32. d5 Rg6 33. Qc4 Rxg3+ 34. Kh2 Qd8
35. d6+ Rf7 0-1

[Event "4NCL/Div1/BAR2 vs. MMNWE1"]
[Site "West Bromwich ENG"]
[Date "2004.05.02"]
[Round "8.5"]
[White "Pritchett, Craig W"]
[Black "Quillan, Gary"]
[Result "1/2-1/2"]
[WhiteElo "2296"]
[BlackElo "2308"]
[PlyCount "122"]
[EventDate "2004.05.02"]

1. Nf3 c5 2. e4 e6 3. d4 d5 4. exd5 exd5 5. Bb5+ Nc6 6. O-O Bd6 7. Re1+ Nge7 8.
dxc5 Bxc5 9. Be3 Bd6 10. Nbd2 O-O 11. Nb3 Nf5 12. Bc5 Bxc5 13. Nxc5 Qb6 14.
Bxc6 bxc6 15. Na4 Qa5 16. b3 Nd6 17. Ne5 Qc7 18. Qd4 Bf5 19. Re2 Rfe8 20. Rae1
Re7 21. Nd3 Rae8 22. Rxe7 Rxe7 23. Rxe7 Qxe7 24. Qe5 Kf8 25. Qxe7+ Kxe7 26. Ne5
Bd7 27. Nc5 Be8 28. f3 f6 29. Ned3 Nb5 30. Kf2 Nd4 31. c3 Nb5 32. Na4 Bf7 33.
Ke3 Kd6 34. Kd2 Nc7 35. Nac5 Bg6 36. Nb7+ Ke7 37. Nb4 Be8 38. a4 Ne6 39. Ke3
Kd7 40. Nd3 Kc7 41. Nbc5 Nd8 42. Kd4 Kd6 43. a5 Bg6 44. Nf4 Bf7 45. h4 g6 46.
g4 h6 47. b4 g5 48. hxg5 hxg5 49. Ng2 Bg6 50. f4 gxf4 51. Nxf4 Bf7 52. a6 Kc7
53. Nh5 f5 54. Nf6 fxg4 55. Nxg4 Ne6+ 56. Nxe6+ Bxe6 57. Ne5 Kb6 58. Nd3 Bc8
59. Nc5 Bxa6 60. Ke5 Be2 61. Kd4 Bb5 1/2-1/2

[Event "4NCL/Div1/BAR2 vs. MMNWE1"]
[Site "West Bromwich ENG"]
[Date "2004.05.02"]
[Round "8.6"]
[White "Littlewood, John E"]
[Black "Cox, John J"]
[Result "1-0"]
[WhiteElo "2307"]
[BlackElo "2321"]
[PlyCount "97"]
[EventDate "2004.05.02"]

1. e4 Nf6 2. d3 d5 3. exd5 Nxd5 4. g3 e5 5. Bg2 Nc6 6. Nc3 Nxc3 7. bxc3 Bc5 8.
Nf3 O-O 9. O-O Bg4 10. h3 Bh5 11. Qe1 Re8 12. Nd2 Qd7 13. Rb1 Rab8 14. Qe4 Bb6
15. Nb3 f5 16. Qc4+ Bf7 17. Qb5 a6 18. Qa4 Bd5 19. Be3 Bxg2 20. Kxg2 Re6 21.
Nd2 Bxe3 22. fxe3 b5 23. Qb3 Rf8 24. e4 f4 25. Qd5 Qf7 26. Nf3 h6 27. Nh4 g5
28. Nf5 Ne7 29. Nxe7+ Qxe7 30. a4 c6 31. Qa2 fxg3 32. axb5 cxb5 33. Qd5 Rd8 34.
Qb3 Rf8 35. Rf5 Kg7 36. Rbf1 Ref6 37. Qd5 Rxf5 38. exf5 Rf6 39. Qe4 Qc7 40.
Kxg3 a5 41. h4 gxh4+ 42. Kh3 Kh7 43. Kxh4 a4 44. Rb1 Qb6 45. d4 a3 46. Rg1 Rf8
47. f6+ Kh8 48. Rg6 Rxf6 49. Qa8+ 1-0

[Event "4NCL/Div1/BAR2 vs. MMNWE1"]
[Site "West Bromwich ENG"]
[Date "2004.05.02"]
[Round "8.7"]
[White "Coleman, David"]
[Black "Kennaugh, Charles W"]
[Result "1-0"]
[WhiteElo "2240"]
[BlackElo "2290"]
[PlyCount "97"]
[EventDate "2004.05.02"]

1. e4 e5 2. Nf3 Nc6 3. d4 exd4 4. Bc4 Nf6 5. e5 Ne4 6. Bd5 Bb4+ 7. Kf1 f5 8.
Nbd2 Nc5 9. h4 Ne6 10. Nb3 O-O 11. Nbxd4 Kh8 12. c3 Bc5 13. Bg5 Qe8 14. Bxe6
dxe6 15. Ne2 Kg8 16. b4 Be7 17. Bf4 Bd7 18. a4 a5 19. b5 Nd8 20. Qb3 Nf7 21.
Ned4 Bc5 22. Rd1 Qe7 23. Ng5 Bxd4 24. Rxd4 Rae8 25. Bc1 c5 26. bxc6 bxc6 27.
Ba3 c5 28. Nxf7 Rb8 29. Qd1 Rxf7 30. Rd6 Qe8 31. Kg1 Bxa4 32. Qd2 Rc7 33. Rh3
Bb3 34. Rg3 Bd5 35. Re3 Qe7 36. g3 Rb3 37. Bc1 c4 38. Rxd5 exd5 39. Qxd5+ Kf8
40. Qa8+ Kf7 41. e6+ Kg6 42. h5+ Kxh5 43. g4+ Kg6 44. gxf5+ Kf6 45. Qd5 Qc5 46.
Qd8+ Kxf5 47. e7 Rxe7 48. Qf8+ Kg6 49. Rg3+ 1-0

[Event "4NCL/Div1/BAR2 vs. MMNWE1"]
[Site "West Bromwich ENG"]
[Date "2004.05.02"]
[Round "8.8"]
[White "Charleshouse, Glenn L"]
[Black "Regan, Natasha"]
[Result "1-0"]
[WhiteElo "2240"]
[BlackElo "2202"]
[PlyCount "75"]
[EventDate "2004.05.02"]

1. e4 Nf6 2. Nc3 d5 3. e5 Ne4 4. Nce2 d4 5. c3 dxc3 6. bxc3 Nc5 7. d4 Nca6 8.
Nf4 e6 9. Nf3 c5 10. Bd3 cxd4 11. cxd4 Bd7 12. O-O Nb4 13. Bb1 Bc6 14. Nh5 Nd7
15. Ng5 g6 16. Ng3 Bg7 17. a3 Nd5 18. N5e4 O-O 19. Ba2 h6 20. Qg4 h5 21. Qe2
Qc7 22. Bg5 Nxe5 23. dxe5 Qxe5 24. Qd2 f5 25. Rae1 fxe4 26. Rxe4 Qd6 27. Rfe1
Rae8 28. h4 Bc3 29. Qc2 Bxe1 30. Rxe1 Kg7 31. Ne4 Qe5 32. Bc1 Qf5 33. Bb2+ Kg8
34. Qd2 Nf6 35. Qh6 Bxe4 36. Rd1 Rf7 37. Rd6 Ng4 38. Qh8# 1-0

[Event "4NCL/Div1/BET vs. SLO1"]
[Site "West Bromwich ENG"]
[Date "2004.05.03"]
[Round "9.1"]
[White "Pert, Nicholas"]
[Black "Spraggett, Kevin"]
[Result "0-1"]
[WhiteElo "2499"]
[BlackElo "2564"]
[PlyCount "118"]
[EventDate "2004.05.03"]

1. d4 Nf6 2. Nf3 e6 3. c4 Bb4+ 4. Bd2 a5 5. Nc3 O-O 6. a3 Bxc3 7. bxc3 Ne4 8.
Bf4 f5 9. Qc2 b6 10. h4 Bb7 11. e3 d6 12. Bd3 Nd7 13. Ng5 Nxg5 14. Bxg5 Qe8 15.
O-O-O h6 16. Bf4 e5 17. dxe5 Nxe5 18. Bxf5 Nxc4 19. Bd3 Ne5 20. Be4 Bxe4 21.
Qxe4 Ng4 22. Qxe8 Raxe8 23. Rd2 Nf6 24. Rc2 Re4 25. Rd1 Nh5 26. g3 Rc4 27. Rd5
Nf6 28. Rd4 Rc5 29. e4 Re8 30. f3 Nh5 31. Rd1 Rf8 32. Be3 Rc4 33. g4 Rxf3 34.
Bxb6 Nf6 35. Bxa5 Nxg4 36. Rd4 Rc6 37. Re2 Ne5 38. Kc2 Rf8 39. Rd5 Ra8 40. Bb4
Rca6 41. Rg2 Re8 42. Rb5 c5 43. Rb7 g6 44. Kb3 Rea8 45. Ra2 Rf8 46. Re7 cxb4
47. axb4 Rxa2 48. Kxa2 g5 49. hxg5 hxg5 50. Re6 Rd8 51. Rf6 Kg7 52. Rf2 g4 53.
Kb3 Kg6 54. b5 Kg5 55. c4 g3 56. Rd2 Rf8 57. Rg2 Kg4 58. Kb4 Rf1 59. Rc2 Rf2
0-1

[Event "4NCL/Div1/BET vs. SLO1"]
[Site "West Bromwich ENG"]
[Date "2004.05.03"]
[Round "9.3"]
[White "Hunt, Adam C"]
[Black "Houska, Jovanka"]
[Result "1-0"]
[WhiteElo "2411"]
[BlackElo "2390"]
[PlyCount "53"]
[EventDate "2004.05.03"]

1. e4 e5 2. Nf3 Nc6 3. Bb5 a6 4. Ba4 Nf6 5. O-O b5 6. Bb3 Bc5 7. d3 d6 8. c3
Bb6 9. h3 h6 10. Re1 O-O 11. Nbd2 Re8 12. Nf1 Bb7 13. Ng3 Ne7 14. Nh4 d5 15.
Qf3 Ng6 16. Nhf5 c5 17. exd5 Bxd5 18. Bxd5 Qxd5 19. Nxh6+ Kf8 20. Ne4 Red8 21.
Bg5 Nxe4 22. dxe4 Qe6 23. Bxd8 Rxd8 24. Nf5 Rd2 25. Rad1 Rxb2 26. Rd6 Nh4 27.
Qg4 1-0

[Event "4NCL/Div1/BET vs. SLO1"]
[Site "West Bromwich ENG"]
[Date "2004.05.03"]
[Round "9.4"]
[White "McNab, Colin A"]
[Black "Ansell, Simon"]
[Result "0-1"]
[WhiteElo "2422"]
[BlackElo "2371"]
[PlyCount "64"]
[EventDate "2004.05.03"]

1. c4 e5 2. Nc3 d6 3. g3 f5 4. Bg2 Nf6 5. d3 Be7 6. e4 c6 7. Nge2 O-O 8. O-O
Na6 9. h3 Qe8 10. exf5 Bxf5 11. g4 Be6 12. f4 h6 13. b3 Bd8 14. f5 Bf7 15. d4
exd4 16. Nxd4 Ba5 17. Nce2 d5 18. g5 hxg5 19. Bxg5 Ne4 20. Bxe4 Qxe4 21. Ng3
Qe5 22. Bf4 Qf6 23. Nf3 Bb6+ 24. Kh1 dxc4 25. Bg5 Qc3 26. Rc1 Qd3 27. bxc4 Bxc4
28. a3 Qxd1 29. Rfxd1 Bd5 30. Kg2 Rae8 31. Rc3 Nc5 32. Re3 Ne4 0-1